Revista de la Universidad de Córdoba (Registro nro. 17090)
[ vista simple ]
| 000 -CABECERA | |
|---|---|
| Campo de control | 00240as aa2200097a 44500 |
| 090 ## - CLASIFICACIÓN LOCAL | |
| Colección | SERIADAS |
| Consecutivo | 00956 |
| 041 0# - IDIOMA | |
| Código de idioma para texto/pista de sonido o título separado | |
| 245 10 - MENCION DE TITULO | |
| Título | Revista de la Universidad de Córdoba |
| 260 ## - PUBLICACION, DISTRIBUCION, ETC. (PIE DE IMPRENTA) | |
| Nombre del editor, distribuidor, etc. | Universidad de Córdoba |
| Lugar de publicación, distribución, etc. | Colombia |
| 942 ## - ELEMENTOS ADICIONALES (KOHA) | |
| Tipo de ítem | Periodica o revista |
| Withdrawn status | Lost status | Damaged status | No para préstamo | Colección | Fecha publicación (Año) | Número revista | Inventariado | Ubicación Permanente | Ubicación actual | Fecha de adquisición | Fuente de Valor | Total Checkouts | Número topográfico | Inventario / Código de Barras | Date last seen | Ejemplar | Price effective from | Forma de adquisición | Tipo de material |
|---|---|---|---|---|---|---|---|---|---|---|---|---|---|---|---|---|---|---|---|
| Hemeroteca | 1995 | 8 | Inventariado 2017 | Villa de Leyva | Villa de Leyva | 21/03/2001 | Desconocido | SERIADAS 00956 | 009879 | 25/03/2015 | 1 | 25/03/2015 | Periodica o revista |